Airport Code To U.S. City (Medium) - Statistics

General Stats
  • This quiz has been taken 57 times
  • The average score is 13 of 15
Answer Stats
Code City % Correct
DEN Denver
100%
PHX Phoenix
100%
PIT Pittsburgh
100%
SFO San Francisco
100%
BOI Boise
98%
MEM Memphis
98%
OMA Omaha
98%
TPA Tampa
91%
BHM Birmingham
84%
IAH Houston
78%
MKE Milwaukee
78%
MSP Minneapolis/Saint Paul
64%
RDU Raleigh/Durham
64%
CVG Cincinnati
62%
CHA Chattanooga
49%
No matching quizzes found
Score Distribution
Percent of People with Each Score
Percentile by Number Answered
Your Score History
You have not taken this quiz